[Event "PNWCC Masters 2020"]
[Site "chess.com INT"]
[Date "2020.05.23"]
[Round "2.7"]
[White "Sinha, Sahil"]
[Black "Fedoseev, Vladimir3"]
[Result "1/2-1/2"]
[WhiteTitle "IM"]
[BlackTitle "GM"]
[WhiteElo "2324"]
[BlackElo "2678"]
[WhiteFideId "2065231"]
[BlackFideId "24130737"]
[EventDate "2020.05.23"]

1. d4 Nf6 2. c4 e6 3. Nf3 b6 4. g3 Ba6 5. Qa4 Bb7 6. Bg2 c5 7. dxc5 Bxc5 8. O-O
O-O 9. Nc3 h6 10. Qc2 Re8 11. e4 d6 12. a3 a5 13. b3 Nc6 14. Bb2 Qe7 15. Rad1
Rad8 16. Na4 Nd7 17. Rfe1 Nde5 18. Nd4 Nxd4 19. Bxd4 Bxa3 20. Bxb6 Ra8 21. Bd4
Bb4 22. Bc3 Bc6 23. Ra1 Reb8 24. Red1 Qc7 25. Qd2 Bxc3 26. Qxc3 Rb4 27. Nb2 Rab8
28. Ra3 Nd7 29. Nd3 Qb6 30. e5 Bxg2 31. Kxg2 Qc6+ 32. Kg1 d5 33. Qd4 Rxb3 34.
cxd5 exd5 35. Rxa5 Qc2 36. Ne1 Qe2 37. Rxd5 Nf8 38. Qd2 Qe4 39. Qd4 Qf5 40. h4
Ne6 41. Qd2 g5 42. hxg5 Rb2 43. Qe3 Nxg5 44. R5d2 R8b3 45. Qe2 Rxd2 46. Rxd2 Rb1
47. Rd1 Rb4 48. Rd3 h5 49. f4 Ne6 50. Kh2 h4 51. Ng2 hxg3+ 52. Rxg3+ Kf8 53. Qg4
Qc2 54. Kh3 Rb1 55. Kh2 Qc1 56. Rf3 Qg1+ 57. Kg3 Rb2 58. Qh3 Kg8 59. Qg4+ Kf8
60. Qh3 Ke7 61. Qh4+ Kd7 62. Qh2 Qc5 63. Qh5 Qf8 64. Qg4 Qc5 65. Qh5 Qe7 66. Qg4
Kc7 67. Rc3+ Kb6 68. f5 Nc5 69. Re3 Qd8 70. e6 Qd6+ 71. Kh3 Nd3 72. Qg3 Nf2+ 73.
Kh2 Ng4+ 74. Kh3 Nf2+ 75. Kh2 Ng4+ 76. Kh3 Nf2+ 1/2-1/2

[Event "PNWCC Masters 2020"]
[Site "chess.com INT"]
[Date "2020.05.23"]
[Round "2.8"]
[White "Tsay, Vincent"]
[Black "Predojevic, Borki"]
[Result "0-1"]
[WhiteTitle "FM"]
[BlackTitle "GM"]
[WhiteElo "2310"]
[BlackElo "2601"]
[WhiteFideId "30931835"]
[BlackFideId "930849"]
[EventDate "2020.05.23"]

1. d4 d6 2. Nf3 Nf6 3. g3 g6 4. Bg2 Bg7 5. O-O O-O 6. b3 b5 7. c4 bxc4 8. Nfd2
c6 9. Nxc4 Ba6 10. Bb2 Nbd7 11. Bxc6 Rc8 12. Bg2 Bxc4 13. bxc4 Rxc4 14. Nd2 Rc8
15. Nb3 Nb6 16. Na5 d5 17. Rc1 Qd7 18. Qb3 Ne4 19. Rfd1 Rxc1 20. Bxc1 Rc8 21.
Bb2 Qa4 22. Bxe4 dxe4 23. Qxa4 Nxa4 24. Ba1 Rc2 25. a3 Rxe2 26. Nc6 e3 27. fxe3
Rxe3 28. d5 Bxa1 29. Rxa1 a6 30. Nb4 Nc5 31. Rc1 Nd7 32. a4 Ra3 33. Rc7 Nf6 34.
Rxe7 Rxa4 35. Rb7 a5 36. Nc6 Nxd5 37. Rb5 Ra1+ 38. Kf2 Ra2+ 39. Kg1 Ne3 40. Nxa5
Ra1+ 41. Kf2 Ng4+ 42. Kg2 Ra2+ 43. Kg1 Nxh2 44. Nc6 Nf3+ 45. Kf1 Kg7 46. Rb7 Rd2
47. Rb3 Rd6 48. Rxf3 Rxc6 49. Rf2 Rf6 50. Kg2 Rxf2+ 51. Kxf2 Kf6 52. Kf3 Kg5 53.
g4 Kh4 54. Kf4 f6 55. Kf3 g5 0-1

[Event "PNWCC Masters 2020"]
[Site "chess.com INT"]
[Date "2020.05.23"]
[Round "2.9"]
[White "Talukdar, Rohan"]
[Black "Bernadskiy, Vitaliy"]
[Result "0-1"]
[WhiteTitle "FM"]
[BlackTitle "GM"]
[WhiteElo "2341"]
[BlackElo "2629"]
[WhiteFideId "2616378"]
[BlackFideId "14100371"]
[EventDate "2020.05.23"]

1. e4 c5 2. Nf3 d6 3. d4 cxd4 4. Nxd4 Nf6 5. Nc3 a6 6. f3 e5 7. Nb3 Be6 8. Be3
h5 9. Qd2 Nbd7 10. Nd5 Bxd5 11. exd5 g6 12. Be2 Rc8 13. Rc1 Ng8 14. Na5 Ne7 15.
Nxb7 Qc7 16. Na5 Nf5 17. Nc4 Nxe3 18. Qxe3 Bh6 19. Qa3 Bxc1 20. Nxd6+ Kf8 21.
Nxc8+ Kg7 22. Nd6 Qxc2 23. Qc3 Qxb2 24. Qxb2 Bxb2 25. Bxa6 Nb6 26. Bb7 Rd8 27.
Ne4 Nxd5 28. Bxd5 Rxd5 29. Ke2 Ra5 30. Rd1 Bd4 31. Rd2 f5 32. Nd6 Kf6 33. f4 Rc5
34. a4 Bc3 35. Rc2 exf4 36. Nb5 Re5+ 37. Kf3 Re3+ 38. Kxf4 Rd3 0-1

[Event "PNWCC Masters 2020"]
[Site "chess.com INT"]
[Date "2020.05.23"]
[Round "2.10"]
[White "Chasin, Nico"]
[Black "Chigaev, Maksim"]
[Result "1/2-1/2"]
[WhiteTitle "FM"]
[BlackTitle "GM"]
[WhiteElo "2303"]
[BlackElo "2588"]
[WhiteFideId "30908477"]
[BlackFideId "4108116"]
[EventDate "2020.05.23"]

1. d4 Nf6 2. c4 g6 3. Nc3 Bg7 4. e4 d6 5. Nf3 O-O 6. Be2 e5 7. O-O Na6 8. Be3
Qe7 9. d5 Ng4 10. Bg5 f6 11. Bh4 c5 12. dxc6 bxc6 13. a3 Nh6 14. b4 Bd7 15. c5
Nb8 16. cxd6 Qe8 17. Nd5 cxd5 18. Qxd5+ Rf7 19. b5 Nc6 20. bxc6 Bxc6 21. Qc5
Bxe4 22. Bc4 Rc8 23. Bxf7+ Nxf7 24. Qe3 Bc6 25. Rfd1 Rd8 26. Rac1 Bh6 27. Qc3
Bxc1 28. Bxf6 Bxf3 29. Rxc1 Bb7 30. Bxd8 Qxd8 31. Qc7 Qg5 32. g3 Qd2 33. Rb1 Be4
34. Rc1 Ng5 35. Qb8+ Kg7 36. Qxa7+ Nf7 37. Qe3 Qd5 38. Qc5 Qe6 39. Re1 Ba8 40.
Qa5 Bf3 41. Re3 e4 42. Qc3+ Kg8 43. Rxf3 exf3 44. Qxf3 Nxd6 45. a4 Qe5 46. Qa8+
Kg7 47. a5 Qd4 48. a6 Ne4 49. Qb7+ Kh6 50. Qf7 Ng5 51. Qf8+ Kh5 52. h4 Qd1+ 53.
Kh2 Nf3+ 54. Kg2 Ne1+ 55. Kf1 Nf3+ 56. Kg2 Ne1+ 57. Kf1 Nf3+ 58. Kg2 1/2-1/2

[Event "PNWCC Masters 2020"]
[Site "chess.com INT"]
[Date "2020.05.23"]
[Round "2.11"]
[White "Belous, Vladimir"]
[Black "Vivekananthan, Anish"]
[Result "1-0"]
[WhiteTitle "GM"]
[BlackTitle "FM"]
[WhiteElo "2524"]
[BlackElo "2239"]
[WhiteFideId "4174003"]
[BlackFideId "2090775"]
[EventDate "2020.05.23"]

1. d4 Nf6 2. c4 e6 3. Nf3 d5 4. Nc3 a6 5. cxd5 exd5 6. Bg5 Be7 7. Qc2 O-O 8. e3
Be6 9. Bd3 Nbd7 10. O-O Re8 11. Rac1 c6 12. Qb3 Qb6 13. Qc2 h6 14. Bh4 Rac8 15.
Na4 Qd8 16. Nc5 Nxc5 17. dxc5 Ne4 18. Bxe7 Qxe7 19. Bxe4 dxe4 20. Qxe4 Bxa2 21.
Qxe7 Rxe7 22. Nd4 Be6 23. f3 Rd8 24. Rfd1 Red7 25. Kf2 f6 26. Ke2 Kf7 27. g4 Rd5
28. h4 h5 29. g5 Bc8 30. gxf6 gxf6 31. Kf2 Bf5 32. Rg1 Rxd4 33. exd4 Rxd4 34.
Kg3 Rb4 35. Rg2 Be6 36. Rc3 Bd5 37. Re2 Kg6 38. Rce3 Rb5 39. Re7 Rb3 40. Rf2 Kf5
41. Rh7 Kg6 42. Rh8 Rb5 43. Rg2 Rb3 44. Kf4+ Kf7 45. Rh7+ Kf8 46. Rg3 Be6 47.
Rg6 Rb4+ 48. Kg3 Rxb2 49. Rxf6+ Kg8 50. Rc7 Re2 51. Rxb7 1-0

[Event "PNWCC Masters 2020"]
[Site "chess.com INT"]
[Date "2020.05.23"]
[Round "2.12"]
[White "Costello, Alexander"]
[Black "Bosiocic, Marin"]
[Result "1/2-1/2"]
[WhiteTitle "IM"]
[BlackTitle "GM"]
[WhiteElo "2258"]
[BlackElo "2625"]
[WhiteFideId "2099659"]
[BlackFideId "14507927"]
[EventDate "2020.05.23"]

1. e4 d6 2. d4 Nf6 3. Nc3 e5 4. Nf3 Nbd7 5. Bc4 Be7 6. O-O O-O 7. Re1 c6 8. a4
a5 9. h3 Nb6 10. Bf1 exd4 11. Nxd4 d5 12. e5 Ne8 13. Bd3 g6 14. Bh6 Ng7 15. Qd2
f6 16. Bf4 Nd7 17. exf6 Bxf6 18. Nf3 Nc5 19. Be5 Nce6 20. b3 Bxe5 21. Nxe5 Nf4
22. Ne2 Ngh5 23. Nxf4 Nxf4 24. Qe3 Bxh3 25. gxh3 Qg5+ 26. Qg3 Nxh3+ 27. Kh1 Qh6
28. Ng4 Qh5 29. Kg2 Nf4+ 30. Kg1 Nh3+ 31. Kg2 1/2-1/2

[Event "PNWCC Masters 2020"]
[Site "chess.com INT"]
[Date "2020.05.23"]
[Round "2.13"]
[White "Morefield, Jason"]
[Black "Lintchevski, Daniil"]
[Result "0-1"]
[WhiteTitle "FM"]
[BlackTitle "GM"]
[WhiteElo "2227"]
[BlackElo "2559"]
[WhiteFideId "30920825"]
[BlackFideId "4171055"]
[EventDate "2020.05.23"]

1. d4 Nf6 2. c4 e6 3. Nc3 Bb4 4. e3 O-O 5. Ne2 c6 6. a3 Ba5 7. c5 d5 8. cxd6
Qxd6 9. b4 Bc7 10. g3 e5 11. Bg2 Re8 12. O-O e4 13. Qc2 Bf5 14. b5 Nbd7 15. a4
Rac8 16. Ba3 Qe6 17. Rfd1 Bg4 18. bxc6 bxc6 19. Rd2 Qf5 20. Rc1 h5 21. d5 cxd5
22. Nd4 Qg6 23. Ncb5 Ba5 24. Qxc8 Bxd2 25. Qc7 Bxc1 26. Bxc1 Ne5 27. Nd6 Rf8 28.
Bb2 Nf3+ 29. Kh1 Nxd4 30. Bxd4 Ne8 31. Nxe8 Rxe8 32. Qxa7 Qf5 33. Kg1 Rc8 34.
Bc5 Qd7 35. Qa5 Qc7 36. Qxc7 Rxc7 37. Ba3 Rc3 38. Bb2 Rb3 0-1

[Event "PNWCC Masters 2020"]
[Site "chess.com INT"]
[Date "2020.05.23"]
[Round "2.14"]
[White "Tran, Tuan Minh"]
[Black "Estrada Nieto, Julian"]
[Result "1-0"]
[WhiteTitle "GM"]
[BlackTitle "IM"]
[WhiteElo "2518"]
[BlackElo "2280"]
[WhiteFideId "12401820"]
[BlackFideId "5101018"]
[EventDate "2020.05.23"]

1. d4 d5 2. c4 dxc4 3. e4 e5 4. Nf3 exd4 5. Bxc4 Nc6 6. O-O Be6 7. Bb5 Bc5 8. b4
Bb6 9. a4 a6 10. Bxc6+ bxc6 11. Bb2 Nf6 12. Nxd4 Bxd4 13. Bxd4 Nxe4 14. Bxg7 Rg8
15. Qxd8+ Rxd8 16. Be5 Bh3 17. Bg3 Nxg3 18. hxg3 Be6 19. Nc3 Rg4 20. Rab1 Rb8
21. b5 cxb5 22. axb5 Rc4 23. bxa6 Rxb1 24. a7 Rxf1+ 25. Kxf1 Rxc3 26. a8=Q+ Ke7
27. Qh8 Rb3 28. Qxh7 c5 29. f4 c4 30. g4 c3 31. Qc2 Ra3 32. Kg1 Kd6 33. Qe4 Kc5
34. f5 Ra1+ 35. Kh2 Bd5 36. Qd3 Kb4 37. Qxd5 c2 38. Qd4+ 1-0

[Event "PNWCC Masters 2020"]
[Site "chess.com INT"]
[Date "2020.05.23"]
[Round "2.15"]
[White "Easton, Jack"]
[Black "Yoo, Christopher Woojin"]
[Result "0-1"]
[BlackTitle "IM"]
[WhiteElo "2175"]
[BlackElo "2455"]
[WhiteFideId "30900069"]
[BlackFideId "30909694"]
[EventDate "2020.05.23"]

1. d4 Nf6 2. c4 g6 3. Nc3 Bg7 4. e4 d6 5. Nf3 O-O 6. Be2 Bg4 7. O-O Nfd7 8. Be3
Nc6 9. Qd2 Bxf3 10. Bxf3 e5 11. Ne2 exd4 12. Nxd4 Nxd4 13. Bxd4 Bxd4 14. Qxd4
Ne5 15. Be2 c5 16. Qd2 Nc6 17. f4 Re8 18. Bf3 Nd4 19. Rae1 a5 20. Kh1 a4 21. Qc3
Qc7 22. e5 dxe5 23. fxe5 Rxe5 24. Rxe5 Qxe5 25. Bxb7 Rf8 26. Bd5 Kg7 27. b4 axb3
28. axb3 Nc6 29. Qd2 Nb4 30. Re1 Qf6 31. Qe2 h5 32. Rf1 Qd4 33. Qf3 Nc2 34. Rd1
Qe3 35. Be4 Qxf3 36. gxf3 Nb4 37. Rd7 Kh6 38. Rc7 f5 39. Bd5 Re8 40. h4 Nd3 41.
f4 Nxf4 42. Rxc5 Rb8 43. Rc7 Rxb3 44. Bg8 Rh3+ 45. Kg1 Rxh4 46. c5 Rh3 47. c6
Rc3 48. Rh7+ Kg5 49. c7 Ne2+ 50. Kf2 Nd4 0-1

[Event "PNWCC Masters 2020"]
[Site "chess.com INT"]
[Date "2020.05.23"]
[Round "2.16"]
[White "Park, Evan"]
[Black "Murzin, Volodar"]
[Result "1/2-1/2"]
[BlackTitle "IM"]
[WhiteElo "2146"]
[BlackElo "2465"]
[WhiteFideId "30931142"]
[BlackFideId "44155573"]
[EventDate "2020.05.23"]

1. e4 c6 2. d4 d5 3. Nc3 dxe4 4. Nxe4 Bf5 5. Ng3 Bg6 6. h4 h6 7. Nf3 Nd7 8. h5
Bh7 9. Bd3 Bxd3 10. Qxd3 e6 11. Bd2 Ngf6 12. O-O-O Be7 13. Ne4 Nxe4 14. Qxe4 Nf6
15. Qd3 Qd5 16. c4 Qd6 17. Ne5 Rd8 18. Bf4 Qb4 19. Qg3 Rg8 20. Kb1 a5 21. Qe3 a4
22. a3 Qa5 23. g4 Nh7 24. Rhe1 Rf8 25. Bg3 Nf6 26. f4 Nxg4 27. Qf3 Nxe5 28. Rxe5
Qa6 29. Qe2 Bd6 30. Re3 Kd7 31. f5 Bxg3 32. fxe6+ fxe6 33. Rxg3 Rf7 34. Rg6 Re8
35. d5 cxd5 36. Qg4 Kc8 37. cxd5 Rf1 38. Rxf1 Qxf1+ 39. Ka2 Qd3 40. dxe6 Qd5+
41. Ka1 Qh1+ 42. Ka2 Qd5+ 43. Ka1 Qh1+ 44. Ka2 Qd5+ 1/2-1/2

[Event "PNWCC Masters 2020"]
[Site "chess.com INT"]
[Date "2020.05.23"]
[Round "2.17"]
[White "Polivanov, Anatoliy"]
[Black "Ghazarian, Kirk"]
[Result "1-0"]
[WhiteTitle "IM"]
[WhiteElo "2452"]
[BlackElo "2181"]
[WhiteFideId "14109468"]
[BlackFideId "30908604"]
[EventDate "2020.05.23"]

1. e4 e6 2. d4 d5 3. e5 c5 4. c3 Nc6 5. Nf3 Qb6 6. Be2 cxd4 7. cxd4 Nh6 8. Bxh6
Qxb2 9. Nbd2 gxh6 10. O-O Nxd4 11. Rb1 Nxe2+ 12. Qxe2 Qa3 13. Nd4 a6 14. Rfd1 b5
15. Ne4 dxe4 16. Nxb5 axb5 17. Qxb5+ Ke7 18. Qc6 1-0

[Event "PNWCC Masters 2020"]
[Site "chess.com INT"]
[Date "2020.05.23"]
[Round "2.18"]
[White "Wen, Teddie"]
[Black "Aditya, Mittal"]
[Result "0-1"]
[BlackTitle "IM"]
[WhiteElo "2071"]
[BlackElo "2438"]
[WhiteFideId "30952247"]
[BlackFideId "35042025"]
[EventDate "2020.05.23"]

1. d4 d5 2. c4 e6 3. Nf3 a6 4. a4 Nf6 5. Nc3 Bb4 6. e3 O-O 7. Bd3 b6 8. O-O Bb7
9. cxd5 exd5 10. Na2 Bd6 11. a5 b5 12. Bd2 Nc6 13. Qb3 Ne4 14. Bb4 Re8 15. Rfc1
Nxb4 16. Nxb4 Re6 17. Bf1 Rh6 18. g3 Qf6 19. Bg2 g5 20. Nd3 Re8 21. Nfe5 Qf5 22.
g4 Qf6 23. Rc2 c5 24. Nd7 Bxh2+ 25. Kf1 Ng3+ 26. Ke1 Qxd4 27. Kd2 c4 28. exd4
cxb3 29. Rc7 Nf1+ 30. Rxf1 Bxc7 31. Ra1 Bc8 32. N7c5 Bxg4 33. Bxd5 Rd8 34. Bb7
Rxd4 35. Bxa6 Rc6 36. Ke3 Rc4 37. Rg1 Bf4+ 38. Nxf4 gxf4+ 39. Kd3 Rd6# 0-1

[Event "PNWCC Masters 2020"]
[Site "chess.com INT"]
[Date "2020.05.23"]
[Round "2.19"]
[White "Sarkar, Justin"]
[Black "Tanenbaum, Zachary"]
[Result "1/2-1/2"]
[WhiteTitle "IM"]
[WhiteElo "2380"]
[BlackElo "2137"]
[WhiteFideId "2010011"]
[BlackFideId "2060850"]
[EventDate "2020.05.23"]

1. e4 e5 2. Nf3 Nc6 3. Bb5 a6 4. Ba4 d6 5. Bxc6+ bxc6 6. d4 exd4 7. Qxd4 c5 8.
Qd3 Nf6 9. e5 dxe5 10. Qxd8+ Kxd8 11. Nxe5 Be6 12. Nd2 Bd6 13. Ndc4 Re8 14. O-O
Bd5 15. f4 Bxe5 16. Nxe5 Nd7 17. Rd1 Be6 18. Be3 Kc8 19. Nxd7 Bxd7 20. Bxc5 Re2
21. Rac1 Bc6 22. Bf2 Be4 23. Re1 Rxe1+ 24. Rxe1 f5 25. c4 a5 26. g4 g6 27. g5
Ra6 28. Rd1 Rd6 29. Rxd6 cxd6 30. Be1 a4 31. b3 axb3 32. axb3 Bc2 33. b4 Bb3 34.
c5 dxc5 35. bxc5 1/2-1/2

[Event "PNWCC Masters 2020"]
[Site "chess.com INT"]
[Date "2020.05.23"]
[Round "2.20"]
[White "Melkumyan, Hrant"]
[Black "Beatrez, Patrick"]
[Result "1/2-1/2"]
[WhiteTitle "GM"]
[WhiteElo "2663"]
[BlackElo "1879"]
[WhiteFideId "13302485"]
[BlackFideId "30937167"]
[EventDate "2020.05.23"]

1. e4 c5 2. Nf3 d6 3. d4 cxd4 4. Nxd4 Nf6 5. Nc3 g6 6. Be3 Bg7 7. f3 O-O 8. Bc4
Nc6 9. Qd2 Bd7 10. Bb3 Rc8 11. h4 Na5 12. h5 Nxh5 13. g4 Nf6 14. Bh6 Bh8 15.
Bxf8 Kxf8 16. O-O-O Bg7 17. e5 dxe5 18. Nde2 h6 19. Kb1 Rc6 20. Qe3 Nxb3 21.
cxb3 Qa5 22. Rxh6 e4 23. Rhh1 exf3 24. Qxf3 Bxg4 25. Qg3 Qc7 26. Qxc7 Rxc7 27.
Rd8+ Ne8 28. Nd4 Rd7 29. Rxd7 Bxd7 30. Rd1 e5 31. Nde2 Bf5+ 32. Ka1 Ke7 33. Nd5+
Ke6 34. Nec3 Bg4 35. Re1 f5 36. a4 g5 37. b4 e4 38. Ne3 Bxc3 39. bxc3 Bf3 40.
Kb2 f4 41. Nc2 g4 42. c4 Nd6 43. Kc3 Nf5 44. c5 g3 45. b5 Kd5 46. c6 bxc6 47.
Nb4+ Kc5 48. bxc6 a5 49. Nd3+ exd3 50. c7 Nd6 51. Kxd3 Kc6 52. Rc1+ Kd7 53. Kd4
g2 54. Ke5 Bc6 55. Kxf4 Kxc7 56. Ke3 Kb6 57. Kf2 Nf5 58. Rb1+ Kc5 59. Rc1+ Kd6
60. Rd1+ Ke5 61. Rc1 Nd4 62. Rc5+ Ke4 63. Kxg2 Kd3+ 64. Kf2 Bxa4 65. Rxa5 Bc6
66. Ra3+ Kc4 67. Ra1 Kd5 68. Rd1 Ke4 69. Re1+ Kf4 70. Rc1 Bd5 71. Rd1 Ke5 72.
Rxd4 Kxd4 1/2-1/2

[Event "PNWCC Masters 2020"]
[Site "chess.com INT"]
[Date "2020.05.23"]
[Round "2.21"]
[White "Fridman, Daniel"]
[Black "Xie, Bryan"]
[Result "1-0"]
[WhiteTitle "GM"]
[BlackTitle "CM"]
[WhiteElo "2615"]
[BlackElo "2049"]
[WhiteFideId "11600454"]
[BlackFideId "30941296"]
[EventDate "2020.05.23"]

1. d4 Nf6 2. Nf3 e6 3. g3 b6 4. Bg2 Bb7 5. c4 Be7 6. O-O O-O 7. d5 exd5 8. Nd4
c6 9. cxd5 Nxd5 10. e4 Nc7 11. e5 d5 12. exd6 Bxd6 13. Nf5 Bc5 14. Qg4 Ne6 15.
Nc3 Nd7 16. Rd1 g6 17. Nh6+ Kg7 18. b4 Be7 19. Ne4 f5 20. Bb2+ Kxh6 21. Qh3+ Bh4
22. Rxd7 g5 23. Rxd8 Raxd8 24. gxh4 g4 25. Qe3+ f4 26. Qb3 Bc8 27. Rc1 f3 28.
Rxc6 Kh5 29. Rxe6 Bxe6 30. Qxe6 Rd1+ 31. Bf1 Rfd8 32. Ng3+ Kxh4 33. Bf6# 1-0

[Event "PNWCC Masters 2020"]
[Site "chess.com INT"]
[Date "2020.05.23"]
[Round "2.22"]
[White "Shabalov, Alexander"]
[Black "Jin, Derek"]
[Result "1-0"]
[WhiteTitle "GM"]
[WhiteElo "2528"]
[BlackElo "1880"]
[WhiteFideId "2008572"]
[BlackFideId "30920329"]
[EventDate "2020.05.23"]

1. e4 c5 2. Nf3 d6 3. d4 cxd4 4. Nxd4 Nf6 5. Nc3 Nc6 6. Bg5 e6 7. Qd2 a6 8.
O-O-O Bd7 9. f3 Be7 10. h4 Nxd4 11. Qxd4 Qc7 12. Kb1 O-O 13. g4 b5 14. Qd2 Rfd8
15. Bd3 b4 16. Ne2 Rab8 17. h5 Bc6 18. Nd4 Bb7 19. Qe1 Ne8 20. Bc1 Bf6 21. Ne2
d5 22. e5 Bxe5 23. f4 Bd6 24. g5 Bf8 25. g6 fxg6 26. hxg6 h6 27. Nd4 Bc8 28.
Nxe6 Bxe6 29. Qxe6+ Kh8 30. Be3 Bc5 31. Bxc5 Qxc5 32. Qf7 1-0

[Event "PNWCC Masters 2020"]
[Site "chess.com INT"]
[Date "2020.05.23"]
[Round "2.23"]
[White "Grabinsky, Aaron"]
[Black "Kumar, Naman"]
[Result "1/2-1/2"]
[WhiteTitle "IM"]
[WhiteElo "2461"]
[BlackElo "2115"]
[WhiteFideId "2087090"]
[BlackFideId "30908922"]
[EventDate "2020.05.23"]

1. e4 c5 2. Nf3 d6 3. d4 cxd4 4. Nxd4 Nf6 5. f3 a6 6. c4 e5 7. Nc2 Be6 8. Nc3
Be7 9. Be3 O-O 10. Be2 Nbd7 11. Nb4 Rc8 12. Nbd5 Bxd5 13. cxd5 b5 14. O-O Nb6
15. a3 Nc4 16. Bxc4 Rxc4 17. Na2 a5 18. Qb3 Qd7 19. Nc3 Rb8 20. Rac1 a4 21. Qd1
Rbc8 22. Na2 Rxc1 23. Nxc1 Qc7 24. Qe2 Qc4 25. Qxc4 Rxc4 26. Na2 Rc2 27. Rf2 Rc4
28. Kf1 Kf8 29. Ke2 Nd7 30. Nc3 Rc8 31. Nxb5 Rb8 32. Nc3 Rxb2+ 33. Kd3 Rb3 34.
Ra2 Bd8 35. Kc2 Ba5 36. Bd2 Bxc3 37. Bxc3 Nc5 38. Bb4 Ke7 39. Rb2 Re3 40. Kd2
Rb3 41. Rxb3 Nxb3+ 42. Kc3 Kd7 43. Kc4 Nd4 44. Bd2 Nc2 45. Bb4 Nd4 46. Kd3 g6
47. Bc3 Nb5 48. Bb2 f5 49. Kc4 Nc7 50. Bc1 Ne8 51. Bg5 fxe4 52. fxe4 Kc7 53. h4
Ng7 54. g4 Ne8 55. Kb5 Kd7 56. Kxa4 h6 57. Bxh6 Nf6 58. g5 Nxe4 59. Kb5 Nc3+ 60.
Kc4 Na4 61. h5 gxh5 62. g6 Ke8 63. Kd3 Nc5+ 64. Ke3 Na4 65. Ke4 h4 66. Kf5 h3
67. Kf6 h2 68. g7 h1=Q 69. g8=Q+ Kd7 70. Qe6+ Kc7 71. Qe7+ Kc8 72. Qe8+ Kc7 73.
Qc6+ Kb8 74. Qxd6+ Kb7 75. Qc6+ Kb8 76. Qb5+ Kc7 77. Qc6+ Kb8 78. Bg5 Qf3+ 79.
Kxe5 Qxa3 80. Qb5+ Ka7 81. Qd7+ Ka6 82. Qc8+ Ka7 83. Qc7+ Ka6 84. Qc6+ Nb6 85.
d6 Qg3+ 86. Kf6 Qf2+ 87. Kg6 Qd4 88. Bd8 Qg4+ 89. Kf7 Qf5+ 90. Bf6 Qh7+ 91. Ke6
Qh3+ 92. Ke7 Qh7+ 93. Kf8 Qh6+ 94. Bg7 Qf4+ 95. Kg8 Qf5 96. Bd4 Qg6+ 97. Kf8
Qf5+ 98. Ke7 Qh7+ 99. Ke6 Qg6+ 100. Ke5 Qg5+ 101. Ke6 Qg6+ 102. Bf6 Qg4+ 103.
Ke5 Qe2+ 104. Kf5 Qh5+ 105. Bg5 Qf7+ 106. Ke4 Qe6+ 107. Kf3 Qf5+ 108. Bf4 Qh3+
109. Kf2 Qh4+ 110. Bg3 Qf6+ 111. Kg2 Qf7 112. Kg1 Qg7 113. Kg2 Qb7 114. Qf3
Qxf3+ 115. Kxf3 Kb7 116. Ke4 Kc6 117. Ke5 Nc4+ 118. Ke6 Nxd6 1/2-1/2

[Event "PNWCC Masters 2020"]
[Site "chess.com INT"]
[Date "2020.05.23"]
[Round "2.23"]
[White "Singh, Hersh"]
[Black "Talukdar, Rohan"]
[Result "1/2-1/2"]
[BlackTitle "FM"]
[WhiteElo "1906"]
[BlackElo "2341"]
[WhiteFideId "30918804"]
[BlackFideId "2616378"]
[EventDate "2020.05.23"]

1. d4 Nf6 2. c4 g6 3. g3 Bg7 4. Bg2 d5 5. cxd5 Nxd5 6. Nf3 Nb6 7. O-O Nc6 8. e3
O-O 9. Nc3 Re8 10. Nh4 e5 11. d5 Na5 12. Rb1 Nac4 13. b3 Nd6 14. e4 Bd7 15. Ba3
f5 16. exf5 gxf5 17. Rc1 Qf6 18. Re1 Rad8 19. Bh3 Qf7 20. Rc2 e4 21. Bb2 f4 22.
Bxd7 Rxd7 23. Qg4 h5 24. Qg5 f3 25. Rd1 Kh7 26. Nb1 Bh6 27. Qf6 Qxf6 28. Bxf6
Rf7 29. Bd4 Bg5 30. Be3 Bxh4 31. gxh4 Re5 32. Nc3 Rg7+ 33. Kh1 Rg4 34. Bg5 Kg6
35. a4 a5 36. Bd8 Na8 37. Nb5 Nxb5 38. axb5 e3 39. fxe3 Rxe3 40. Bxc7 f2 41.
Bxa5 b6 42. Rxf2 bxa5 43. d6 Re8 44. d7 Rd8 45. Ra2 Kf7 46. Rxa5 Nb6 47. Ra7 Ke7
48. Re1+ Kd6 49. Ra6 Kc7 50. Rc1+ Kb7 51. Rca1 Rxd7 52. Ra7+ Kb8 53. Rxd7 Nxd7
54. Rd1 Nf6 55. Rf1 Ne4 56. h3 Rg6 57. Kh2 Kb7 58. Rf5 Nf6 59. Rg5 Rh6 60. Kg2
Ne4 61. Re5 Nd2 62. Kg3 Nxb3 63. Kf4 Nd4 64. Kg5 Rh8 65. Rd5 Nf3+ 66. Kg6 Nxh4+
67. Kg7 Rc8 68. Rxh5 Rc4 69. Kf6 Kb6 70. Kg5 Nf3+ 71. Kf6 1/2-1/2

[Event "PNWCC Masters 2020"]
[Site "chess.com INT"]
[Date "2020.05.23"]
[Round "2.24"]
[White "Xie, Brandon"]
[Black "Tarjan, James"]
[Result "0-1"]
[BlackTitle "GM"]
[WhiteElo "1852"]
[BlackElo "2381"]
[WhiteFideId "30941288"]
[BlackFideId "2000180"]
[EventDate "2020.05.23"]

1. d4 f5 2. c4 Nf6 3. Nc3 e6 4. Nf3 Bb4 5. Bd2 O-O 6. e3 b6 7. Bd3 Bb7 8. O-O d6
9. Rc1 Nbd7 10. a3 Bxc3 11. Bxc3 Ne4 12. Nd2 Nxc3 13. Rxc3 c5 14. b4 Qe7 15. Be2
e5 16. Nb3 a5 17. b5 f4 18. d5 Rae8 19. e4 Nf6 20. Nd2 Bc8 21. f3 Nh5 22. Qe1
Qg5 23. Rf2 Rf6 24. Nf1 Rh6 25. Bd1 Rf8 26. Re2 Kh8 27. g4 fxg3 28. hxg3 Bh3 29.
g4 Bxf1 30. Qxf1 Nf4 0-1

[Event "PNWCC Masters 2020"]
[Site "chess.com INT"]
[Date "2020.05.23"]
[Round "2.25"]
[White "Wen, Tommy"]
[Black "Kavutskiy, Konstantin"]
[Result "0-1"]
[BlackTitle "IM"]
[WhiteElo "2014"]
[BlackElo "2391"]
[WhiteFideId "30952255"]
[BlackFideId "2026384"]
[EventDate "2020.05.23"]

1. e4 Nc6 2. d4 d6 3. Nf3 Nf6 4. Bd3 g6 5. c3 Bg7 6. O-O O-O 7. Re1 e5 8. h3 h6
9. Nbd2 Re8 10. Bc2 Bd7 11. dxe5 Nxe5 12. Nxe5 dxe5 13. Qe2 Nh5 14. Nc4 Be6 15.
a4 Qh4 16. Na5 b6 17. Nc4 Nf4 18. Bxf4 Qxf4 19. Ne3 c6 20. Rad1 Bf8 21. b4 Qf6
22. b5 Rac8 23. c4 Bc5 24. Bd3 Qg5 25. Kh2 Bxe3 26. Qxe3 Qxe3 27. Rxe3 Red8 28.
Ra1 Rd4 29. Be2 Bxc4 30. bxc6 Bxe2 31. Rxe2 Rxc6 32. f3 Rc5 33. Rb2 Ra5 34. Rba2
Kf8 35. Kg3 Ke7 36. Kf2 Kd7 37. g4 Kc7 38. h4 Kb7 39. Ke3 Rc5 40. Ra3 Rc2 41.
R1a2 Rxa2 42. Rxa2 Rb4 43. Ra3 Rc4 44. f4 f6 45. g5 hxg5 46. hxg5 exf4+ 47. Kxf4
f5 48. Ke5 fxe4 49. Kf6 Rc6+ 50. Kg7 Kc7 51. Re3 Re6 52. Kf7 Kd6 53. Re1 e3 54.
Rd1+ Ke5 55. Re1 Rc6 56. Rxe3+ Kf4 57. Re7 a5 58. Re8 Kxg5 59. Rg8 Kf5 60. Rh8
Rc7+ 0-1